000 00427nam a2200181Ia 4500
001 13109
005 20260306163029.0
008 260306t2002||||xx |||||||||||||| ||spa||
041 _aESP
082 _aRE 338.479103
_bE56
100 _aJafari, Jafar (Ed.)
_eAUT
245 0 _aEnciclopedia de turismo
260 _c2002
300 _a713 páginas :
_c25 cm
650 _aGEN
654 _aCHU
942 _cLIB
_dJUS
_fJUS
_2ddc
_n
999 _c13109
_d13109